Gazdaság <a> Magyar közgazdasági társaság folyóirata

Gespeichert in:
Bibliographische Detailangaben
Format: Schriftenreihe
Sprache:Ungarisch
Veröffentlicht: Budapest Lapkiadó Vállalat
Schlagworte:
Tags: Tag hinzufügen
Keine Tags, Fügen Sie das erste Tag hinzu!

MARC

LEADER 00000nas1a22000001 4500
001 s120512
005 20041019155346.0
041 0 |a hun 
044 |a HU 
245 1 0 |a Gazdaság  |b <a> Magyar közgazdasági társaság folyóirata 
264 1 |a Budapest  |b Lapkiadó Vállalat 
610 2 0 |a ekonómia